Parcs Disney du Monde - Statistiques

Statistiques générales
  • Ce quiz a été pris 20 fois
  • Le résultat moyen est 5 sur 12
Statistiques - réponses
Continent Année d'ouverture Parc % Correct
Europe 1992 Parc Disneyland
100%
Amérique du Nord 1955 Disneyland Park
61%
Asie 1983 Tokyo Disneyland
61%
Asie 2016 Shanghai Disneyland
44%
Amérique du Nord 1982 Epcot
39%
Asie 2005 Hong Kong Disneyland
39%
Amérique du Nord 1998 Disney's Animal Kingdom
33%
Europe 2002 Parc Walt Disney Studios
33%
Amérique du Nord 1971 Magic Kingdom
28%
Amérique du Nord 1989 Disney's Hollywood Studios
22%
Asie 2001 Tokyo DisneySea
22%
Amérique du Nord 2001 Disney California Adventure
11%
Aucun quiz correspondant
Distribution des résultats
% des personnes avec chaque résultat
Percentile par nombre de réponses
Votre historique - résultats
Vous n’avez pas pris ce quiz